000 00298nam a2200121Ia 4500
008 190216s9999||||xx |||||||||||||| ||und||
100 _aGurtu J N
245 0 _aAdvanced Chemical Calculations
260 _bPragathi Prakashan
_c1978
300 _a302p
650 _aChemistry-Chemistry
942 _cBK
999 _c2278
_d2278